Film Theories - Statistics

General Stats
  • This quiz has been taken 13 times
    3 since last reset
  • The average score is 7 of 135
Answer Stats
Ep No. Answer % Correct
105 A Wrinkle In Time/Stephen King's It
67%
87 Stephen King's It/The Shining
67%
12 Ant-Man
33%
112 | 115 | 121 Avengers: Infinity War
33%
103 Black Panther
33%
2 | 4 | 38 | +2 others Game Of Thrones
33%
53 Rogue One: A Star Wars Story
33%
122 Solo: A Star Wars Story
33%
22 Star Wars: A New Hope
33%
18 Star Wars: The Force Awakens
33%
91 | 94 Star Wars: The Last Jedi
33%
75 Star Wars/Valerian
33%
92 The Lord Of The Rings Trilogy
33%
47 | 129 Attack on Titan
0%
59 Batman: The Animated Series
0%
27 Batman vs Superman: Dawn of Justice
0%
7 Beauty And The Beast
0%
72 Better Call Saul
0%
133 Big Hero 6
0%
44 Blair Witch
0%
14 Breaking Bad
0%
120 Captain America: Civil War/Ant-Man & The Wasp
0%
61 Cars
0%
127 Catdog
0%
26 | 68 | 70 Deadpool
0%
114 Deadpool 2
0%
80 Death Note
0%
51 Doctor Strange
0%
1 | 10 | 90 Doctor Who
0%
37 Don't Hug Me I'm Scared
0%
39 Don't Hug Me I'm Scared
0%
131 Don't Hug Me I'm Scared: Wakey Wakey trailer
0%
8 Dragon Ball Z
0%
77 DuckTales!
0%
5 Fifty Shades of Grey
0%
34 | 35 Finding Nemo/Finding Dory
0%
17 Frankenstein
0%
54 Frozen
0%
20 Frozen/Tangled
0%
31 Fullmetal Alchemist
0%
83 Fullmetal Alchemist/Fullmetal Alchemist: Brotherhood
0%
36 Ghostbusters
0%
63 Ghost In The Shell
0%
95 Gravity Falls
0%
3 | 56 Harry Potter
0%
45 Harry Potter/X-Men/Mrs Peregrine's School for Peculiar Children
0%
82 Hercules/The Little Mermaid/Frozen/Tangled/Cinderella
0%
9 Hitman: Agent 47
0%
93 Jurassic World
0%
101 | 107 Justice League
0%
64 Kong: Skull Island
0%
62 Logan
0%
67 Luke Cage
0%
65 Moana
0%
126 Mrs. Doubtfire
0%
110 | 119 My Hero Academia
0%
113 Peter Pan
0%
102 | 111 Phineas And Ferb
0%
109 Pinocchio
0%
57 Poppy
0%
108 Ready Player One
0%
30 Rick and Morty
0%
76 | 84 | 85 Rick And Morty
0%
69 Rick And Morty/Gravity Falls
0%
96 Rudolph the Red-Nosed Reindeer/Santa Claus Is Comin' To Town
0%
46 | 49 Salad Fingers
0%
6 Seinfeld
0%
29 Sharknado
0%
50 Snow White and the Seven Dwarves
0%
132 Spiderman 3/Venom
0%
74 Spiderman: Homecoming
0%
97 Spongebob Squarepants
0%
88 Stranger Things
0%
40 | 41 Suicide Squad
0%
71 Suicide Squad/Batman Vs Superman: Dawn Of Justice
0%
99 Sword Art Online
0%
78 Tangled
0%
13 Terminator
0%
58 | 104 The Bee Movie
0%
128 The Captain America series/The Avengers series/One Punch Man
0%
134 The Conjuring duology/The Annabelle duology/The Nun
0%
23 The Dark Knight Rises
0%
86 The Emoji Movie
0%
48 The Exorcist/Ouija
0%
98 The High School Musical series
0%
15 | 16 The Hunger Games
0%
100 The Incredibles
0%
118 The Incredibles series
0%
117 The Jurassic Park/Jurassic World series
0%
73 The Lion King
0%
21 The Martian
0%
11 | 13 The Matrix
0%
106 The Men In Black Trilogy
0%
25 The Simpsons
0%
43 The Star Trek Series
0%
130 The Superman series/Batman vs. Superman:Dawn of Justice
0%
19 | 24 | 60 The Walking Dead
0%
89 Thor: Ragnarok
0%
33 TMNT
0%
42 Transformers
0%
52 | 123 Wall-E
0%
66 Westworld
0%
116 Willy Wonka & The Chocolate Factory
0%
81 Wonder Woman
0%
124 | 125 Wreck-It Ralph 2: Ralph Breaks The Internet
0%
32 X-Men
0%
28 Zootopia
0%
No matching quizzes found
Score Distribution
Percent of People with Each Score
Percentile by Number Answered
Your Score History
You have not taken this quiz since the last reset